MARC

LEADER 00000nam0a2200000 4500
001 227193
005 20231101230801.0
035 |a (RuTPU)RU\TPU\book\247607 
090 |a 227193 
100 |a 20121203d1960 k y0rusy50 ca 
101 0 |a rus 
102 |a RU 
105 |a a z 001zy 
200 1 |a Оптическая пирометрия плазмы  |e сборник статей  |f под ред. Н. Н. Соболева 
210 |a Москва  |c Изд-во иностранной литературы  |d 1960 
215 |a 438 с.  |c ил. 
320 |a Библиогр. в конце ст. 
606 1 |a Пирометрия спектральная  |2 stltpush  |3 (RuTPU)RU\TPU\subj\71874  |9 85575 
610 1 |a плазма 
610 1 |a температура 
610 1 |a методы измерения 
610 1 |a физические условия 
610 1 |a химические условия 
675 |a 536.52  |v 3 
702 1 |a Соболев  |b Н. Н.  |4 340 
801 1 |a RU  |b 63413507  |c 20121203 
801 2 |a RU  |b 63413507  |c 20121227  |g RCR 
942 |c BK